Las fuentes de la moral: Symposium Católico

Gorde:
Xehetasun bibliografikoak
Egile nagusia: Todd, John M (Egilea)
Formatua: Liburua
Hizkuntza:gaztelania
Argitaratua: Barcelona Herder 1959
Gaiak:
Etiketak: Etiketa erantsi
Etiketarik gabe, Izan zaitez lehena erregistro honi etiketa jartzen!

MARC

LEADER 00000nam a2200000 a 4500
001 UCX0304
003 CL-VaPUC
008 890925e19590000SP |||||||||||||||||spa|d
082 0 4 |a 241  |b TOD  |2 21 
100 0 |a Todd, John M  |e author  |9 315677 
245 1 4 |a Las fuentes de la moral: Symposium Católico 
300 |a 409 p 
942 |c BK 
945 |d 19890925 00:00:00 
260 |a Barcelona  |b Herder  |c 1959 
650 0 |a Moral  |9 265913 
583 |a last modification  |c 19890925 00:00:00  |k Rodrigo Vera 
999 |c 221942  |d 221940 
952 |0 0  |1 0  |4 0  |6 241_000000000000000_TOD_1959  |7 0  |8 A  |9 216030  |a BIBTEO  |b BIBTEO  |d 2019-11-15  |i 284608K  |o 241 TOD 1959  |p 284608K  |r 2025-01-17  |w 2019-11-15  |y BK  |k ICR 
952 |0 0  |1 0  |4 0  |6 241_000000000000000_TOD_1959  |7 0  |8 A  |9 216031  |a BIBTEO  |b BIBTEO  |d 2019-11-15  |i 3368483  |o 241 TOD 1959  |p 3368483  |r 2025-01-17  |w 2019-11-15  |y BK  |k ICR